Émissions animées par Jean-Pierre Foucault - Mort subite - Statistiques

Statistiques générales
  • Ce quiz a été pris 326 fois
  • Le résultat moyen est 6 sur 10
Answers on the Grid
Answers color-coded by a green-red scale on the quiz's grid according to % correct below.
La Roue de la fortune
Capital
Les Années tubes
N'oubliez pas les paroles !
Une Famille en or
Koh-Lanta
Intervilles
Zone Interdite
Quotidien
Sacrée soirée
Star Academy
Slam
L'Académie des 9
Questions pour un champion
Les 12 coups de midi
Qui veut gagner des millions ?
Le plus grand cabaret du monde
Gladiators
Disney Parade
Touche pas à mon poste !
Télématin
Élection de Miss France
JT de 20H
Motus
Zone rouge
Danse avec les stars
Taratata
Retour gagnant
The Voice
Cauchemar en cuisine
 
Statistiques - réponses
Réponse % Correct
Qui veut gagner des millions ?
92%
Élection de Miss France
84%
Sacrée soirée
69%
Intervilles
59%
L'Académie des 9
56%
Les Années tubes
54%
Disney Parade
42%
Retour gagnant
42%
Zone rouge
42%
Gladiators
38%
Aucun quiz correspondant
Distribution des résultats
% des personnes avec chaque résultat
Percentile par nombre de réponses
Votre historique - résultats
Vous n’avez pas pris ce quiz